00339nam a2200085Ia 4500008004100000245008300041260000900124300008500133650003500218180130s9999 xx 000 0 und d cSun, Hailing; Su, TianbaoaProject cost prediction model based on fuzzy theory c2015 aBook title: Industrial project management--Acession number C20535; pages 215-230 aPROJECT MANAGEMENT--INDUSTRIAL